| 000 | 00000nam 2200000za 4500 |
| 001 | 9.830358 |
| 003 | CaOODSP |
| 005 | 20221107145518 |
| 007 | cr ||||||||||| |
| 008 | 170111s2016 onc #o f000 0 eng d |
| 040 | |aCaOODSP|beng |
| 043 | |an-cn--- |
| 086 | 1 |aRv4-40/2016E-PDF |
| 245 | 00|aQualified donee |h[electronic resource] : |bbecoming a prescribed university outside Canada. |
| 260 | |a[Ottawa] : |bCanada Revenue Agency, |c[2016]. |
| 300 | |a2 p. |
| 500 | |aIssued also in French under title: Donataire reconnu : devenir une université à l'extérieur du Canada visée par règlement. |
| 520 | |a"This information sheet explains the process for requesting prescribed university status. It also explains the criteria the Canada Revenue Agency (CRA) uses to determine whether a foreign educational institution can be prescribed as a university outside Canada under section 3503 of the Canadian Income Tax Regulations." -- p. 1. |
| 692 | 07|2gccst|aIncome tax |
| 692 | 07|2gccst|aHandbooks |
| 692 | 07|2gccst|aEducational institutions |
| 710 | 2 |aCanada Revenue Agency. |
| 775 | 08|tDonataire reconnu |w(CaOODSP)9.830361 |
| 856 | 40|qPDF|s69 KB|uhttps://publications.gc.ca/collections/collection_2017/arc-cra/Rv4-40-2016-eng.pdf |
| 986 | |aRC191 (E) Rev.16 |